Secret place of the Most High : (Record no. 363)
[ view plain ]
| 000 -LEADER | |
|---|---|
| fixed length control field | 00846nam a2200277 a 4500 |
| 001 - CONTROL NUMBER | |
| control field | 129732 |
| 003 - CONTROL NUMBER IDENTIFIER | |
| control field | GBCCL |
| 005 - DATE AND TIME OF LATEST TRANSACTION | |
| control field | 20241126110336.0 |
| 008 - FIXED-LENGTH DATA ELEMENTS--GENERAL INFORMATION | |
| fixed length control field | 970421s1996 alu 000 0 eng d |
| 020 ## - INTERNATIONAL STANDARD BOOK NUMBER | |
| International Standard Book Number | 1563092042 (pbk.) |
| Terms of availability | $12.95 |
| 020 ## - INTERNATIONAL STANDARD BOOK NUMBER | |
| International Standard Book Number | 9781563092046 (pbk.) |
| 035 ## - SYSTEM CONTROL NUMBER | |
| System control number | (OCoLC)ocm36773271 |
| 035 ## - SYSTEM CONTROL NUMBER | |
| System control number | (OCoLC)36773271 |
| 040 ## - CATALOGING SOURCE | |
| Original cataloging agency | MOB |
| Transcribing agency | MOB |
| Modifying agency | LBB |
| 049 ## - | |
| -- | LBBK |
| 082 ## - DEWEY DECIMAL CLASSIFICATION NUMBER | |
| Classification number | 248.4 |
| Item number | DEA |
| 092 ## - LOCALLY ASSIGNED DEWEY CALL NUMBER (OCLC) | |
| Classification number | 248.4 |
| Item number | D345 |
| 100 1# - MAIN ENTRY--PERSONAL NAME | |
| Personal name | Dean, Jennifer Kennedy. |
| 9 (RLIN) | 445 |
| 245 10 - TITLE STATEMENT | |
| Title | Secret place of the Most High : |
| Remainder of title | a journal for those who hunger after the deep things of God / |
| Statement of responsibility, etc. | Jennifer Kennedy Dean. |
| 260 ## - PUBLICATION, DISTRIBUTION, ETC. | |
| Place of publication, distribution, etc. | Birmingham, Ala. : |
| Name of publisher, distributor, etc. | New Hope, |
| Date of publication, distribution, etc. | c1996. |
| 300 ## - PHYSICAL DESCRIPTION | |
| Extent | 165 p. ; |
| Dimensions | 22 cm. |
| 650 #0 - SUBJECT ADDED ENTRY--TOPICAL TERM | |
| Topical term or geographic name entry element | Devotional exercises. |
| 9 (RLIN) | 446 |
| 650 #0 - SUBJECT ADDED ENTRY--TOPICAL TERM | |
| Topical term or geographic name entry element | Spiritual life. |
| 9 (RLIN) | 447 |
| 650 #0 - SUBJECT ADDED ENTRY--TOPICAL TERM | |
| Topical term or geographic name entry element | Spiritual journals |
| General subdivision | Authorship. |
| 9 (RLIN) | 448 |
| 942 ## - ADDED ENTRY ELEMENTS (KOHA) | |
| Source of classification or shelving scheme | Dewey Decimal Classification |
| Koha item type | Books |
| Withdrawn status | Lost status | Source of classification or shelving scheme | Damaged status | Not for loan | Home library | Current Library | Shelving location | Date acquired | Total checkouts | Full call number | Barcode | Date last seen | Copy number | Price effective from | Koha item type |
|---|---|---|---|---|---|---|---|---|---|---|---|---|---|---|---|
| Dewey Decimal Classification | GRACE BIBLE COLLEGE | GRACE BIBLE COLLEGE | Ministry & Mission | 2016-10-21 | 248.4 DEA | 007696 | 2025-05-01 | c.1 | 2016-10-21 | Books | |||||
| Dewey Decimal Classification | GRACE BIBLE COLLEGE | GRACE BIBLE COLLEGE | Ministry & Mission | 2017-08-14 | 248.4 DEA | 007697 | 2025-05-01 | c.2 | 2017-08-14 | Books |